Memòria anual del curs '98 '99 : activitats de les Filials, Societats i Entitats Adherides de l'Acadèmia de Ciències Mèdiques de Catalunya i de Balears activitats de les Filials, Societats i Entitats Adherides de l'Acadèmia de Ciències Mèdiques de Catalunya i de Balears
Publicado:
Barcelona :
Acadèmia de Ciències Mèdiques de Catalunya i de Balears : Fundació Acadèmia de Ciències Mèdiques de Catalunya i de Balears, [s.a ,
2000
Descripción Física:
54 p. ; 29'5 cm
MARC
| LEADER | 00000nam a2200000Ia 4500 | ||
|---|---|---|---|
| 001 | 12692 | ||
| 003 | BGR | ||
| 005 | 20260324175230.0 | ||
| 008 | 160829s2000?] xx 000 0 cat d | ||
| 080 | |a C-2-160 | ||
| 110 | 2 | |9 70078 |a Academia de Ciencias Médicas de Cataluña | |
| 245 | |a Memòria anual del curs '98 '99 : |b activitats de les Filials, Societats i Entitats Adherides de l'Acadèmia de Ciències Mèdiques de Catalunya i de Balears | ||
| 260 | |a Barcelona : |b Acadèmia de Ciències Mèdiques de Catalunya i de Balears : |b Fundació Acadèmia de Ciències Mèdiques de Catalunya i de Balears, [s.a., |c 2000?] | ||
| 300 | |a 54 p. ; |c 29'5 cm | ||
| 610 | 2 | 0 | |9 70078 |a Academia de Ciencias Médicas de Cataluña |x Memòries |
| 901 | |a Arxiu | ||
| 942 | |n 1 |2 udc |c MON | ||
| 952 | |0 0 |1 0 |4 0 |6 C2160 |7 1 |9 42147 |a Arxiu |b Arxiu |d 2016-12-01 |l 0 |o C-2-160 |p 12692 |r 2016-12-01 00:00:00 |w 2016-12-01 |y ARXIU | ||
| 999 | |c 44594 |d 44594 | ||